| 000 | 00633nam a22001577a 4500 | ||
|---|---|---|---|
| 008 | 230608b |||||||| |||| 00| 0 eng d | ||
| 020 | _a0-08-029384-0 | ||
| 040 |
_aNational Science Library _cNational Science Library |
||
| 080 |
_a620.168(082.2) _bM3 |
||
| 245 |
_aMechanics of composite materials recent advances: _c/ Proceedings of the IUTAM Symposium on Mechanics of Composite Materials, Virginia Polytechn. Inst. and State Univ., Blacksburg, Virginia, USA, August 16 - 19, 1982 |
||
| 260 |
_aNew York: _bPergamon Press, _c1983 |
||
| 300 | _axi, 499p. | ||
| 650 | _aScience | ||
| 700 | _aHashin, Zvi (Ed.) | ||
| 942 |
_2udc _cPR |
||
| 999 |
_c41273 _d41273 |
||